| 000 | 00000nas##2200000za#4500 |
| 001 | 9.509682 |
| 003 | CaOODSP |
| 005 | 20200325104356 |
| 007 | he |||||||||| |
| 008 | 150406c1991||||xxc|| m b||||f| |0eng|d |
| 022 | |a0527-6497 |
| 040 | |aCaOODSP|beng |
| 041 | |aeng |
| 041 | |afre |
| 043 | |an-cn--- |
| 086 | 1 |aT51-7M |
| 110 | 1 |aCanada.|bTransport Canada. |bAviation. |
| 245 | 10|aCanadian civil aircraft register / |h[microform]|cIssued by the Aeronautical Licensing and Inspection Branch. |
| 260 | |aOttawa - Ontario : |bTransport Canada. |
| 310 | |aMonthly |
| 500 | |aTitles of volumes are not given in the fiche edition. |
| 538 | |aRequires microfiche reader |
| 546 | |aBilingual |
| 792 | |tRegistre d'immatriculation des aéronefs civils canadiens / |efre|w(CaOODSP)9.509683 |